[Event "ODJM C 2023"]
[Site "Willingen GER"]
[Date "2023.05.30"]
[Round "4"]
[White "Claussen, Daniela"]
[Black "Baihaghi, Arash"]
[Result "1-0"]
[Termination "normal"]
[Board "17"]
[WhiteElo "1043"]
[BlackElo "1226"]
[WhiteClock "00:41:45"]
[BlackClock "01:29:41"]
[PlyCount "103"]
[WhiteFideId "16248929"]
[BlackFideId "34604979"]
[EventCountry "GER"]
[EventRounds "9"]
[EventType "swiss"]
[EventDate "2023.05.27"]

1. b3 {[%clk 01:30:57]} {[%emt 00:00:03]} e5 {[%clk 01:30:56]} {[%emt
00:00:05]} 2. e3 {[%clk 01:31:22]} {[%emt 00:00:05]} Nc6 {[%clk 01:31:20]}
{[%emt 00:00:06]} 3. Bb2 {[%clk 01:31:43]} {[%emt 00:00:09]} Nf6 {[%clk
01:31:45]} {[%emt 00:00:06]} 4. Bb5 {[%clk 01:32:03]} {[%emt 00:00:09]} Bd6
{[%clk 01:32:07]} {[%emt 00:00:09]} 5. Nf3 {[%clk 01:32:14]} {[%emt 00:00:18]}
e4 {[%clk 01:32:33]} {[%emt 00:00:04]} 6. Bxc6 {[%clk 01:32:01]} {[%emt
00:00:43]} dxc6 {[%clk 01:32:55]} {[%emt 00:00:08]} 7. Ne5 {[%clk 01:31:01]}
{[%emt 00:01:29]} Qe7 {[%clk 01:32:26]} {[%emt 00:00:59]} 8. Nc4 {[%clk
01:29:24]} {[%emt 00:02:07]} Bc5 {[%clk 01:31:51]} {[%emt 00:01:06]} 9. O-O
{[%clk 01:27:18]} {[%emt 00:02:36]} Bg4 {[%clk 01:31:43]} {[%emt 00:00:37]} 10.
Qc1 {[%clk 01:26:21]} {[%emt 00:01:26]} O-O-O {[%clk 01:31:53]} {[%emt
00:00:20]} 11. Ne5 {[%clk 01:25:03]} {[%emt 00:01:49]} Be2 {[%clk 01:31:18]}
{[%emt 00:01:06]} 12. Re1 {[%clk 01:23:51]} {[%emt 00:01:42]} Ba6 {[%clk
01:31:17]} {[%emt 00:00:31]} 13. Qd1 {[%clk 01:22:51]} {[%emt 00:01:29]} Bd6
{[%clk 01:31:30]} {[%emt 00:00:17]} 14. Ng4 {[%clk 01:20:06]} {[%emt 00:03:14]}
Nxg4 {[%clk 01:30:54]} {[%emt 00:01:06]} 15. Qxg4+ {[%clk 01:20:22]} {[%emt
00:00:13]} Kb8 {[%clk 01:31:18]} {[%emt 00:00:07]} 16. Qf5 {[%clk 01:13:57]}
{[%emt 00:06:55]} f6 {[%clk 01:29:52]} {[%emt 00:01:57]} 17. d3 {[%clk
01:11:47]} {[%emt 00:02:39]} exd3 {[%clk 01:30:03]} {[%emt 00:00:18]} 18. cxd3
{[%clk 01:12:02]} {[%emt 00:00:16]} Bxd3 {[%clk 01:30:13]} {[%emt 00:00:21]}
19. Qg4 {[%clk 01:10:44]} {[%emt 00:01:48]} Bxb1 {[%clk 01:30:14]} {[%emt
00:00:29]} 20. Raxb1 {[%clk 01:11:04]} {[%emt 00:00:09]} h5 {[%clk 01:30:01]}
{[%emt 00:00:43]} 21. Qf5 {[%clk 01:10:20]} {[%emt 00:01:13]} Bb4 {[%clk
01:29:36]} {[%emt 00:00:55]} 22. Red1 {[%clk 01:08:59]} {[%emt 00:01:51]} Rxd1+
{[%clk 01:29:22]} {[%emt 00:00:43]} 23. Rxd1 {[%clk 01:03:37]} {[%emt
00:05:53]} Rd8 {[%clk 01:29:24]} {[%emt 00:00:28]} 24. Rxd8+ {[%clk 01:02:22]}
{[%emt 00:01:46]} Qxd8 {[%emt 00:00:16]} 25. g3 {[%clk 01:02:45]} {[%emt
00:00:05]} Qd1+ {[%clk 01:29:28]} {[%emt 00:00:41]} 26. Kg2 {[%clk 01:02:56]}
{[%emt 00:00:19]} b6 {[%clk 01:29:56]} {[%emt 00:00:03]} 27. Qe4 {[%clk
01:02:09]} {[%emt 00:01:16]} Qd5 {[%clk 01:30:17]} {[%emt 00:00:10]} 28. Qxd5
{[%clk 01:00:59]} {[%emt 00:01:40]} cxd5 {[%clk 01:30:42]} {[%emt 00:00:06]}
29. f3 {[%clk 01:01:01]} {[%emt 00:00:28]} c5 {[%clk 01:30:49]} {[%emt
00:00:22]} 30. Kf2 {[%clk 00:58:08]} {[%emt 00:03:23]} c4 {[%emt 00:00:30]} 31.
bxc4 {[%clk 00:56:12]} {[%emt 00:02:24]} dxc4 {[%clk 01:30:02]} {[%emt
00:01:20]} 32. Ke2 {[%clk 00:56:16]} {[%emt 00:00:26]} Kc7 {[%clk 01:30:05]}
{[%emt 00:00:27]} 33. Kd1 {[%clk 00:53:50]} {[%emt 00:02:56]} Kc6 {[%clk
01:29:31]} {[%emt 00:01:04]} 34. Kc2 {[%clk 00:52:56]} {[%emt 00:01:23]} Kb5
{[%clk 01:29:42]} {[%emt 00:00:19]} 35. a3 {[%clk 00:51:36]} {[%emt 00:01:50]}
Bc5 {[%clk 01:29:54]} {[%emt 00:00:19]} 36. e4 {[%clk 00:48:04]} {[%emt
00:04:01]} Ka4 {[%clk 01:30:09]} {[%emt 00:00:14]} 37. f4 {[%clk 00:45:49]}
{[%emt 00:02:46]} Bxa3 {[%clk 01:30:30]} {[%emt 00:00:09]} 38. Bxa3 {[%clk
00:46:13]} {[%emt 00:00:07]} Kxa3 {[%emt 00:00:08]} 39. e5 {[%emt 00:00:30]}
fxe5 {[%clk 01:29:44]} {[%emt 00:00:38]} 40. fxe5 {[%clk 00:46:35]} {[%emt
00:00:07]} b5 {[%clk 01:29:52]} {[%emt 00:00:23]} 41. e6 {[%clk 00:46:42]}
{[%emt 00:00:23]} b4 {[%clk 01:30:17]} {[%emt 00:00:04]} 42. Kb1 {[%clk
00:44:31]} {[%emt 00:02:40]} b3 {[%clk 01:30:38]} {[%emt 00:00:10]} 43. e7
{[%clk 00:44:34]} {[%emt 00:00:27]} c3 {[%clk 01:30:49]} {[%emt 00:00:19]} 44.
e8=Q {[%emt 00:00:30]} c2+ {[%clk 01:31:06]} {[%emt 00:00:09]} 45. Kc1 {[%clk
00:44:58]} {[%emt 00:00:10]} a5 {[%clk 01:30:00]} {[%emt 00:01:36]} 46. Qb5
{[%clk 00:42:02]} {[%emt 00:03:26]} a4 {[%clk 01:30:21]} {[%emt 00:00:10]} 47.
Qc5+ {[%clk 00:42:12]} {[%emt 00:00:19]} Ka2 {[%clk 01:30:30]} {[%emt
00:00:21]} 48. Qb4 {[%clk 00:41:59]} {[%emt 00:00:44]} a3 {[%clk 01:30:44]}
{[%emt 00:00:16]} 49. Qc4 {[%clk 00:41:36]} {[%emt 00:00:52]} g6 {[%clk
01:29:59]} {[%emt 00:01:14]} 50. h4 {[%clk 00:41:38]} {[%emt 00:00:29]} Ka1
{[%clk 01:29:37]} {[%emt 00:00:53]} 51. Qxb3 {[%clk 00:41:51]} {[%emt
00:00:16]} a2 {[%clk 01:29:41]} {[%emt 00:00:26]} 52. Qb2# {[%clk 00:41:45]}
{[%emt 00:00:06]} 1-0

[Event "ODJM C 2023"]
[Site "Willingen GER"]
[Date "2023.05.30"]
[Round "4"]
[White "Müller, Ariana"]
[Black "Steinkamp, Matthis"]
[Result "1-0"]
[Termination "normal"]
[Board "18"]
[WhiteElo "1148"]
[BlackElo "1153"]
[WhiteClock "00:38:59"]
[BlackClock "01:00:39"]
[PlyCount "59"]
[WhiteFideId "34615024"]
[BlackFideId "16287622"]
[EventCountry "GER"]
[EventRounds "9"]
[EventType "swiss"]
[EventDate "2023.05.27"]

1. e4 {[%clk 01:30:58]} {[%emt 00:00:01]} c5 {[%clk 01:30:51]} {[%emt
00:00:09]} 2. Nf3 {[%clk 01:31:23]} {[%emt 00:00:05]} Nc6 {[%clk 01:31:07]}
{[%emt 00:00:14]} 3. d4 {[%clk 01:31:37]} {[%emt 00:00:16]} cxd4 {[%clk
01:31:12]} {[%emt 00:00:25]} 4. Nxd4 {[%clk 01:31:59]} {[%emt 00:00:08]} e6
{[%clk 01:30:26]} {[%emt 00:01:16]} 5. Nc3 {[%clk 01:31:51]} {[%emt 00:00:38]}
Nf6 {[%clk 01:30:39]} {[%emt 00:00:16]} 6. Be3 {[%clk 01:30:49]} {[%emt
00:01:33]} a6 {[%clk 01:29:21]} {[%emt 00:01:49]} 7. Bd3 {[%clk 01:29:25]}
{[%emt 00:01:54]} Qc7 {[%clk 01:29:34]} {[%emt 00:00:17]} 8. O-O {[%clk
01:28:02]} {[%emt 00:01:53]} Be7 {[%clk 01:29:39]} {[%emt 00:00:25]} 9. f4
{[%clk 01:26:21]} {[%emt 00:02:12]} b6 {[%clk 01:29:24]} {[%emt 00:00:44]} 10.
e5 {[%clk 01:24:28]} {[%emt 00:02:23]} Ng8 {[%clk 01:28:01]} {[%emt 00:01:53]}
11. Qe1 {[%clk 01:19:42]} {[%emt 00:05:16]} f6 {[%clk 01:28:09]} {[%emt
00:00:21]} 12. Qg3 {[%clk 01:15:55]} {[%emt 00:04:17]} g6 {[%clk 01:27:59]}
{[%emt 00:00:40]} 13. Nf3 {[%clk 01:11:31]} {[%emt 00:04:56]} f5 {[%clk
01:20:32]} {[%emt 00:07:56]} 14. Qh3 {[%clk 01:05:08]} {[%emt 00:06:53]} d6
{[%clk 01:20:16]} {[%emt 00:00:46]} 15. Bd4 {[%clk 01:03:59]} {[%emt 00:01:38]}
Nxd4 {[%clk 01:18:55]} {[%emt 00:01:52]} 16. Nxd4 {[%clk 01:03:57]} {[%emt
00:00:33]} dxe5 {[%clk 01:19:03]} {[%emt 00:00:22]} 17. fxe5 {[%clk 01:00:07]}
{[%emt 00:04:19]} Qxe5 {[%clk 01:18:22]} {[%emt 00:01:11]} 18. Nde2 {[%clk
00:57:43]} {[%emt 00:02:54]} Bc5+ {[%clk 01:18:07]} {[%emt 00:00:44]} 19. Kh1
{[%clk 00:57:42]} {[%emt 00:00:32]} Bb7 {[%clk 01:18:05]} {[%emt 00:00:32]} 20.
Nf4 {[%clk 00:55:09]} {[%emt 00:03:03]} Qd6 {[%clk 01:09:06]} {[%emt 00:09:29]}
21. Nxg6 {[%clk 00:51:27]} {[%emt 00:04:12]} hxg6 {[%clk 01:06:40]} {[%emt
00:02:55]} 22. Qxh8 {[%clk 00:51:07]} {[%emt 00:00:51]} Kf8 {[%clk 01:06:38]}
{[%emt 00:00:32]} 23. Qh3 {[%clk 00:45:05]} {[%emt 00:06:16]} Qc6 {[%clk
01:06:42]} {[%emt 00:00:42]} 24. Be4 {[%clk 00:45:13]} {[%emt 00:00:22]} Qc7
{[%clk 01:06:15]} {[%emt 00:00:56]} 25. Bxb7 {[%clk 00:43:23]} {[%emt
00:02:20]} Qxb7 {[%clk 01:06:31]} {[%emt 00:00:14]} 26. Rae1 {[%clk 00:41:54]}
{[%emt 00:02:00]} Qc6 {[%clk 01:05:43]} {[%emt 00:01:18]} 27. Ne4 {[%clk
00:40:57]} {[%emt 00:01:28]} Ke7 {[%clk 01:04:20]} {[%emt 00:01:49]} 28. Qh7+
{[%clk 00:39:56]} {[%emt 00:01:34]} Kf8 {[%clk 01:04:04]} {[%emt 00:00:46]} 29.
Ng5 {[%clk 00:39:53]} {[%emt 00:00:33]} Qe8 {[%clk 01:00:39]} {[%emt 00:03:55]}
30. Rxe6 {[%clk 00:38:59]} {[%emt 00:01:24]} 1-0

[Event "ODJM C 2023"]
[Site "Willingen GER"]
[Date "2023.05.30"]
[Round "4"]
[White "Schilay, Vinzenz"]
[Black "Neumeier, Leonhard"]
[Result "0-1"]
[Termination "normal"]
[Board "19"]
[WhiteElo "1052"]
[BlackElo "1219"]
[WhiteClock "01:16:59"]
[BlackClock "01:19:13"]
[PlyCount "60"]
[WhiteFideId "12983209"]
[BlackFideId "34650822"]
[EventCountry "GER"]
[EventRounds "9"]
[EventType "swiss"]
[EventDate "2023.05.27"]

1. e4 {[%clk 01:30:59]} {[%emt 00:00:01]} e5 {[%clk 01:30:52]} {[%emt
00:00:08]} 2. Nf3 {[%clk 01:31:25]} {[%emt 00:00:04]} Nc6 {[%clk 01:30:40]}
{[%emt 00:00:43]} 3. Nc3 {[%clk 01:31:50]} {[%emt 00:00:04]} Nf6 {[%clk
01:30:24]} {[%emt 00:00:45]} 4. Be2 {[%clk 01:32:11]} {[%emt 00:00:09]} Bb4
{[%clk 01:30:00]} {[%emt 00:00:55]} 5. d3 {[%clk 01:32:13]} {[%emt 00:00:28]}
h6 {[%clk 01:29:50]} {[%emt 00:00:39]} 6. Be3 {[%clk 01:32:30]} {[%emt
00:00:13]} d6 {[%clk 01:29:24]} {[%emt 00:00:56]} 7. a3 {[%clk 01:32:00]}
{[%emt 00:01:01]} Ba5 {[%clk 01:29:44]} {[%emt 00:00:10]} 8. b4 {[%clk
01:32:26]} {[%emt 00:00:04]} Bb6 {[%clk 01:29:34]} {[%emt 00:00:39]} 9. d4
{[%clk 01:31:55]} {[%emt 00:01:01]} exd4 {[%clk 01:28:06]} {[%emt 00:01:59]}
10. Bxd4 {[%clk 01:27:20]} {[%emt 00:05:05]} Nxd4 {[%clk 01:28:00]} {[%emt
00:00:35]} 11. Nxd4 {[%clk 01:27:44]} {[%emt 00:00:06]} Qe7 {[%clk 01:25:53]}
{[%emt 00:02:38]} 12. f3 {[%clk 01:26:24]} {[%emt 00:01:49]} Qe5 {[%clk
01:24:20]} {[%emt 00:02:03]} 13. Ndb5 {[%clk 01:21:42]} {[%emt 00:05:12]} a6
{[%clk 01:23:53]} {[%emt 00:00:57]} 14. Nxd6+ {[%clk 01:18:08]} {[%emt
00:04:05]} cxd6 {[%clk 01:19:58]} {[%emt 00:04:25]} 15. Nd5 {[%clk 01:17:39]}
{[%emt 00:00:59]} Nxd5 {[%clk 01:19:45]} {[%emt 00:00:44]} 16. exd5 {[%clk
01:16:31]} {[%emt 00:01:38]} Qc3+ {[%clk 01:19:37]} {[%emt 00:00:37]} 17. Kf1
{[%clk 01:16:29]} {[%emt 00:00:31]} Bd4 {[%clk 01:19:09]} {[%emt 00:01:00]} 18.
Ra2 {[%clk 01:15:59]} {[%emt 00:01:00]} Qe3 {[%clk 01:19:08]} {[%emt 00:00:30]}
19. Qe1 {[%clk 01:15:42]} {[%emt 00:00:47]} O-O {[%clk 01:19:22]} {[%emt
00:00:16]} 20. c4 {[%clk 01:15:44]} {[%emt 00:00:28]} a5 {[%clk 01:19:23]}
{[%emt 00:00:30]} 21. b5 {[%clk 01:15:29]} {[%emt 00:00:45]} b6 {[%clk
01:19:20]} {[%emt 00:00:33]} 22. a4 {[%clk 01:15:32]} {[%emt 00:00:27]} Bf5
{[%clk 01:19:29]} {[%emt 00:00:20]} 23. Rb2 {[%clk 01:15:18]} {[%emt 00:00:45]}
Bxb2 {[%clk 01:19:30]} {[%emt 00:00:29]} 24. Bd1 {[%clk 01:15:19]} {[%emt
00:00:29]} Bd3+ {[%clk 01:19:38]} {[%emt 00:00:22]} 25. Be2 {[%clk 01:15:38]}
{[%emt 00:00:12]} Rfe8 {[%clk 01:19:37]} {[%emt 00:00:31]} 26. g4 {[%clk
01:15:55]} {[%emt 00:00:12]} Bxe2+ {[%clk 01:19:39]} {[%emt 00:00:28]} 27. Kg2
{[%clk 01:16:07]} {[%emt 00:00:17]} Bxf3+ {[%clk 01:19:57]} {[%emt 00:00:12]}
28. Kh3 {[%clk 01:16:27]} {[%emt 00:00:10]} Bxg4+ {[%clk 01:19:48]} {[%emt
00:00:41]} 29. Kxg4 {[%clk 01:16:40]} {[%emt 00:00:16]} Re4+ {[%clk 01:19:52]}
{[%emt 00:00:27]} 30. Kf5 {[%clk 01:16:59]} {[%emt 00:00:11]} Qf4# {[%clk
01:19:13]} {[%emt 00:00:37]} 0-1

[Event "ODJM C 2023"]
[Site "Willingen GER"]
[Date "2023.05.30"]
[Round "4"]
[White "Klockhaus, Daniel"]
[Black "Hempel, Christian"]
[Result "1-0"]
[Termination "normal"]
[Board "20"]
[WhiteElo "1440"]
[BlackElo "774"]
[WhiteClock "00:04:47"]
[BlackClock "00:50:55"]
[PlyCount "109"]
[WhiteFideId "16299132"]
[BlackFideId "34660470"]
[EventCountry "GER"]
[EventRounds "9"]
[EventType "swiss"]
[EventDate "2023.05.27"]

1. c4 {[%clk 01:30:59]} {[%emt 00:00:01]} e5 {[%clk 01:30:49]} {[%emt
00:00:11]} 2. g3 {[%clk 01:31:17]} {[%emt 00:00:12]} d5 {[%clk 01:31:02]}
{[%emt 00:00:15]} 3. cxd5 {[%clk 01:30:15]} {[%emt 00:01:33]} Qxd5 {[%clk
01:31:20]} {[%emt 00:00:12]} 4. Nf3 {[%clk 01:30:17]} {[%emt 00:00:28]} Nc6
{[%clk 01:31:27]} {[%emt 00:00:24]} 5. Nc3 {[%clk 01:29:58]} {[%emt 00:00:49]}
Qd8 {[%clk 01:31:37]} {[%emt 00:00:20]} 6. Bg2 {[%clk 01:29:26]} {[%emt
00:01:02]} Nf6 {[%clk 01:31:30]} {[%emt 00:00:37]} 7. e4 {[%clk 01:29:06]}
{[%emt 00:01:20]} Be7 {[%clk 01:31:34]} {[%emt 00:00:56]} 8. b3 {[%clk
01:24:41]} {[%emt 00:04:55]} O-O {[%clk 01:28:23]} {[%emt 00:03:41]} 9. d3
{[%clk 01:22:19]} {[%emt 00:02:52]} Be6 {[%clk 01:27:05]} {[%emt 00:01:48]} 10.
O-O {[%clk 01:19:07]} {[%emt 00:03:41]} Bg4 {[%clk 01:24:44]} {[%emt 00:02:51]}
11. h3 {[%clk 01:18:04]} {[%emt 00:01:33]} Bxf3 {[%clk 01:24:36]} {[%emt
00:00:37]} 12. Bxf3 {[%clk 01:17:07]} {[%emt 00:01:26]} Nd4 {[%clk 01:21:09]}
{[%emt 00:03:59]} 13. Bg2 {[%clk 01:16:25]} {[%emt 00:01:12]} h6 {[%clk
01:19:45]} {[%emt 00:01:54]} 14. Bb2 {[%clk 01:15:37]} {[%emt 00:01:18]} c6
{[%clk 01:15:55]} {[%emt 00:04:20]} 15. Rc1 {[%clk 01:13:11]} {[%emt 00:02:55]}
b5 {[%clk 01:14:15]} {[%emt 00:02:11]} 16. Ne2 {[%clk 01:12:33]} {[%emt
00:01:08]} Nxe2+ {[%clk 01:14:16]} {[%emt 00:00:29]} 17. Qxe2 {[%clk 01:12:55]}
{[%emt 00:00:07]} Nd7 {[%clk 01:13:59]} {[%emt 00:00:47]} 18. Rxc6 {[%clk
01:12:08]} {[%emt 00:01:17]} Rc8 {[%clk 01:13:19]} {[%emt 00:01:10]} 19. Rfc1
{[%clk 01:08:49]} {[%emt 00:03:49]} Rxc6 {[%clk 01:11:04]} {[%emt 00:02:46]}
20. Rxc6 {[%clk 01:09:11]} {[%emt 00:00:08]} Bf6 {[%clk 01:10:51]} {[%emt
00:00:43]} 21. Qe3 {[%clk 01:06:06]} {[%emt 00:03:36]} Qa8 {[%clk 01:09:25]}
{[%emt 00:01:56]} 22. Rc7 {[%clk 01:00:58]} {[%emt 00:05:37]} Rd8 {[%clk
01:08:48]} {[%emt 00:01:08]} 23. Rxa7 {[%clk 00:55:35]} {[%emt 00:05:53]} Qc6
{[%clk 01:05:34]} {[%emt 00:03:44]} 24. Ba3 {[%clk 00:48:46]} {[%emt 00:07:17]}
Ra8 {[%clk 01:04:21]} {[%emt 00:01:44]} 25. Rxa8+ {[%clk 00:38:53]} {[%emt
00:10:23]} Qxa8 {[%clk 01:04:31]} {[%emt 00:00:21]} 26. Qc1 {[%clk 00:39:04]}
{[%emt 00:00:17]} Qa6 {[%clk 01:04:10]} {[%emt 00:00:50]} 27. Bb4 {[%clk
00:37:12]} {[%emt 00:02:24]} Nb6 {[%clk 01:02:10]} {[%emt 00:02:30]} 28. a3
{[%clk 00:34:28]} {[%emt 00:03:14]} Qa7 {[%emt 00:05:24]} 29. Qc5 {[%clk
00:32:25]} Kh7 {[%clk 00:57:02]} {[%emt 00:03:17]} 30. Qxb5 {[%clk 00:31:25]}
{[%emt 00:01:30]} Nc8 {[%clk 00:56:18]} {[%emt 00:01:14]} 31. Bc5 {[%clk
00:29:18]} {[%emt 00:02:37]} Qc7 {[%clk 00:55:18]} {[%emt 00:01:30]} 32. a4
{[%clk 00:28:05]} {[%emt 00:01:44]} Be7 {[%clk 00:55:21]} {[%emt 00:00:27]} 33.
Bxe7 {[%clk 00:26:58]} {[%emt 00:01:36]} Nxe7 {[%clk 00:55:32]} {[%emt
00:00:19]} 34. Qc4 {[%clk 00:26:11]} {[%emt 00:01:16]} Nc6 {[%clk 00:55:25]}
{[%emt 00:00:38]} 35. b4 {[%clk 00:25:54]} {[%emt 00:00:46]} Qb7 {[%clk
00:55:06]} {[%emt 00:00:48]} 36. Qd5 {[%clk 00:23:05]} {[%emt 00:03:18]} Qc7
{[%clk 00:53:57]} {[%emt 00:01:42]} 37. Qc5 {[%clk 00:23:06]} {[%emt 00:00:29]}
Qd7 {[%clk 00:53:42]} {[%emt 00:00:46]} 38. Bf1 {[%clk 00:21:50]} {[%emt
00:01:45]} Nd4 {[%clk 00:53:39]} {[%emt 00:00:33]} 39. b5 {[%clk 00:20:57]}
{[%emt 00:01:23]} Nf3+ {[%clk 00:53:48]} {[%emt 00:00:21]} 40. Kh1 {[%clk
00:19:26]} {[%emt 00:02:01]} Nd2 {[%clk 00:53:33]} {[%emt 00:00:45]} 41. Qxe5
{[%clk 00:12:18]} {[%emt 00:07:38]} g6 {[%clk 00:52:19]} {[%emt 00:01:43]} 42.
Qd5 {[%clk 00:09:50]} {[%emt 00:02:57]} Qc7 {[%clk 00:51:33]} {[%emt 00:01:18]}
43. Bg2 {[%clk 00:08:03]} {[%emt 00:02:17]} Qc1+ {[%clk 00:51:34]} {[%emt
00:00:30]} 44. Kh2 {[%clk 00:08:25]} {[%emt 00:00:07]} Nf1+ {[%clk 00:51:33]}
{[%emt 00:00:32]} 45. Bxf1 {[%clk 00:08:31]} {[%emt 00:00:24]} Qxf1 {[%clk
00:51:51]} {[%emt 00:00:12]} 46. Qxf7+ {[%clk 00:08:51]} {[%emt 00:00:11]} Kh8
{[%clk 00:51:55]} {[%emt 00:00:26]} 47. b6 {[%clk 00:06:50]} {[%emt 00:02:31]}
Qxd3 {[%clk 00:51:48]} {[%emt 00:00:37]} 48. Qf6+ {[%clk 00:06:30]} {[%emt
00:00:50]} Kh7 {[%clk 00:51:40]} {[%emt 00:00:37]} 49. b7 {[%clk 00:06:18]}
{[%emt 00:00:43]} Qb3 {[%clk 00:51:52]} {[%emt 00:00:18]} 50. Qe7+ {[%clk
00:05:44]} {[%emt 00:01:02]} Kh8 {[%clk 00:51:37]} {[%emt 00:00:47]} 51. Qe5+
{[%clk 00:05:22]} {[%emt 00:00:51]} Kh7 {[%clk 00:51:19]} {[%emt 00:00:50]} 52.
b8=Q {[%clk 00:04:09]} {[%emt 00:01:42]} Qxb8 {[%clk 00:50:50]} {[%emt
00:00:59]} 53. Qxb8 {[%clk 00:04:30]} {[%emt 00:00:09]} g5 {[%emt 00:00:32]}
54. Qb6 {[%clk 00:04:27]} {[%emt 00:00:29]} h5 {[%clk 00:50:55]} {[%emt
00:00:26]} 55. a5 {[%clk 00:04:47]} {[%emt 00:00:10]} 1-0

[Event "ODJM C 2023"]
[Site "Willingen GER"]
[Date "2023.05.30"]
[Round "4"]
[White "Tarasenko, Ruslan"]
[Black "Kunst, Jannis"]
[Result "1-0"]
[Termination "normal"]
[Board "22"]
[WhiteElo "1087"]
[BlackElo "1364"]
[WhiteClock "01:20:50"]
[BlackClock "01:07:10"]
[PlyCount "59"]
[WhiteFideId "34166343"]
[BlackFideId "16299710"]
[EventCountry "GER"]
[EventRounds "9"]
[EventType "swiss"]
[EventDate "2023.05.27"]

1. e4 {[%clk 01:30:55]} {[%emt 00:00:03]} e6 {[%clk 01:31:24]} {[%emt
00:00:05]} 2. d4 {[%clk 01:31:20]} {[%emt 00:00:05]} d5 {[%clk 01:31:49]}
{[%emt 00:00:06]} 3. e5 {[%clk 01:31:45]} {[%emt 00:00:06]} c5 {[%clk
01:32:16]} {[%emt 00:00:02]} 4. c3 {[%clk 01:32:02]} {[%emt 00:00:12]} Nc6
{[%clk 01:32:39]} {[%emt 00:00:07]} 5. Nf3 {[%clk 01:32:26]} {[%emt 00:00:06]}
Qb6 {[%clk 01:32:59]} {[%emt 00:00:11]} 6. a3 {[%clk 01:32:14]} {[%emt
00:00:43]} Bd7 {[%clk 01:33:20]} {[%emt 00:00:09]} 7. Be2 {[%clk 01:30:35]}
{[%emt 00:02:09]} Nge7 {[%clk 01:33:34]} {[%emt 00:00:14]} 8. O-O {[%clk
01:30:51]} {[%emt 00:00:15]} Nf5 {[%clk 01:33:54]} {[%emt 00:00:10]} 9. Be3
{[%clk 01:30:37]} {[%emt 00:00:44]} cxd4 {[%clk 01:34:03]} {[%emt 00:00:20]}
10. cxd4 {[%clk 01:30:19]} {[%emt 00:00:48]} Qxb2 {[%clk 01:34:07]} {[%emt
00:00:26]} 11. Nbd2 {[%clk 01:29:29]} {[%emt 00:01:20]} Qb6 {[%clk 01:31:16]}
{[%emt 00:03:21]} 12. Nb3 {[%clk 01:27:34]} {[%emt 00:02:26]} Be7 {[%clk
01:30:56]} {[%emt 00:00:49]} 13. Rb1 {[%clk 01:27:15]} {[%emt 00:00:49]} Qc7
{[%clk 01:31:15]} {[%emt 00:00:10]} 14. Qc2 {[%clk 01:25:23]} {[%emt 00:02:23]}
Rc8 {[%clk 01:31:16]} {[%emt 00:00:30]} 15. Rfc1 {[%clk 01:25:43]} {[%emt
00:00:10]} Bxa3 {[%clk 01:27:30]} {[%emt 00:04:16]} 16. Nc5 {[%clk 01:25:15]}
{[%emt 00:00:59]} b6 {[%clk 01:22:03]} {[%emt 00:05:57]} 17. Rd1 {[%clk
01:24:19]} {[%emt 00:01:26]} bxc5 {[%clk 01:21:57]} {[%emt 00:00:35]} 18. dxc5
{[%clk 01:24:38]} {[%emt 00:00:11]} Nxe3 {[%clk 01:20:44]} {[%emt 00:01:43]}
19. fxe3 {[%clk 01:24:55]} {[%emt 00:00:13]} Bb4 {[%clk 01:17:42]} {[%emt
00:03:32]} 20. Rf1 {[%clk 01:24:35]} {[%emt 00:00:51]} h6 {[%clk 01:17:52]}
{[%emt 00:00:20]} 21. Nd4 {[%clk 01:22:31]} {[%emt 00:02:34]} a5 {[%clk
01:17:18]} {[%emt 00:01:03]} 22. Nb5 {[%clk 01:22:51]} {[%emt 00:00:11]} Qxe5
{[%clk 01:16:02]} {[%emt 00:01:45]} 23. Nd6+ {[%clk 01:23:06]} {[%emt
00:00:17]} Kf8 {[%clk 01:14:34]} {[%emt 00:01:56]} 24. Nxf7 {[%clk 01:22:30]}
{[%emt 00:01:07]} Qxe3+ {[%clk 01:14:52]} {[%emt 00:00:11]} 25. Kh1 {[%clk
01:22:51]} {[%emt 00:00:09]} Kg8 {[%clk 01:12:31]} {[%emt 00:02:52]} 26. Nxh8
{[%clk 01:22:49]} {[%emt 00:00:31]} Kxh8 {[%clk 01:12:59]} {[%emt 00:00:02]}
27. Rf7 {[%clk 01:22:37]} {[%emt 00:00:42]} Rd8 {[%clk 01:10:13]} {[%emt
00:03:16]} 28. Rbf1 {[%clk 01:20:16]} {[%emt 00:02:51]} Kg8 {[%clk 01:08:11]}
{[%emt 00:02:31]} 29. Qg6 {[%clk 01:20:26]} {[%emt 00:00:21]} Bc3 {[%clk
01:07:10]} {[%emt 00:01:32]} 30. Bd3 {[%clk 01:20:50]} {[%emt 00:00:05]} 1-0